<?xml version="1.0" encoding="UTF-8"?>
<marc:record xmlns:marc="http://www.loc.gov/MARC21/slim">
   <marc:leader>00000nam a2200000 a 4500</marc:leader>
   <marc:datafield ind1="1" ind2=" " tag="100">
      <marc:subfield code="a">Dippelhofer-Stiem, Barbara</marc:subfield>
      <marc:subfield code="4">aut</marc:subfield>
      <marc:subfield code="e">Verfasser/-in</marc:subfield>
   </marc:datafield>
   <marc:datafield ind1=" " ind2=" " tag="653">
      <marc:subfield code="a">Gesundheit</marc:subfield>
   </marc:datafield>
   <marc:datafield ind1=" " ind2=" " tag="653">
      <marc:subfield code="a">Bild</marc:subfield>
   </marc:datafield>
   <marc:datafield ind1=" " ind2=" " tag="653">
      <marc:subfield code="a">Sozialisation</marc:subfield>
   </marc:datafield>
   <marc:datafield ind1="0" ind2="0" tag="245">
      <marc:subfield code="a">Gesundheitssozialisation</marc:subfield>
   </marc:datafield>
   <marc:datafield ind1="0" ind2="0" tag="245">
      <marc:subfield code="b">theoretische und empirische Analysen zur Genese des subjektiven Gesundheitsbildes</marc:subfield>
   </marc:datafield>
   <marc:datafield ind1="0" ind2="0" tag="245">
      <marc:subfield code="c">Barbara Dippelhofer-Stiem</marc:subfield>
   </marc:datafield>
   <marc:datafield ind1=" " ind2="1" tag="264">
      <marc:subfield code="a">Weinheim</marc:subfield>
      <marc:subfield code="b">Juventa-Verl.</marc:subfield>
      <marc:subfield code="c">2008</marc:subfield>
   </marc:datafield>
   <marc:datafield ind1="1" ind2=" " tag="490">
      <marc:subfield code="a">Gesundheitsforschung</marc:subfield>
   </marc:datafield>
   <marc:datafield ind1="1" ind2=" " tag="520">
      <marc:subfield code="a">Angaben aus der Verlagsmeldung

Gesundheitssozialisation : Theoretische und empirische Analysen zur Genese des subjektiven Gesundheitsbildes / von Barbara Dippelhofer-Stiem

Auf Gesundheit gerichtete Vorstellungen, Erfahrungen und Handlungsweisen der Menschen sind mehr als nur persönliche Phänomene. In ihnen spiegeln sich gesellschaftliche Wertigkeiten und Definitionen, Bedeutungszuschreibungen und erwünschte Verhaltenskorrelate. Solche sozialen Rahmungen werden in Sozialisationsprozessen vermittelt und zugleich individuell ausgestaltet. Es liegt deshalb nahe, sozialisationstheoretische Perspektiven auf die sozialwissenschaftliche Gesundheitsforschung zu beziehen und deren Ertrag zu erkunden.
Die Autorin diskutiert zentrale Begriffe der Sozialisationstheorie - Gegenstandsbereich, Zeit, Kontextgebundenheit und Transaktionalität - und sondiert deren Bedeutung für die Analyse gesundheitsbezogener Sozialisation. Ein besonderer Fokus liegt auf der Frage, inwieweit die in der Gesundheitsberichterstattung verbreiteten Sozialen Surveys einem solchen Erkenntnisinteresse dienlich sein können. Im Lichte dieser Erörterungen werden Daten aus einer Bevölkerungsbefragung präsentiert, interpretiert und an die theoretischen Postulate modifizierend zurückgebunden.
Insgesamt plädiert der Band dafür, die Verbindung von Sozialisations- und Gesundheitsstudien weiter zu entwickeln, sie stärker methodologisch zu fundieren und die Potenziale der Surveyforschung zu nutzen.
</marc:subfield>
   </marc:datafield>
   <marc:datafield ind1=" " ind2=" " tag="020">
      <marc:subfield code="a">9783779919728</marc:subfield>
      <marc:subfield code="9">9783779919728</marc:subfield>
   </marc:datafield>
   <marc:datafield ind1=" " ind2=" " tag="020">
      <marc:subfield code="a">3779919729</marc:subfield>
      <marc:subfield code="9">3779919729</marc:subfield>
   </marc:datafield>
   <marc:datafield ind1=" " ind2=" " tag="041">
      <marc:subfield code="a">ger</marc:subfield>
   </marc:datafield>
   <marc:datafield ind1=" " ind2=" " tag="300">
      <marc:subfield code="a">184 S.</marc:subfield>
   </marc:datafield>
</marc:record>
